Misconceptions That I Had - Statistics

General Stats
  • This quiz has been taken 10 times
  • The average score is 8 of 20
Answer Stats
Hint Answer % Correct
I thought this word was spelled "Carribean" (exact spelling required) Caribbean
90%
I thought this rapper was a man because of the first line of "Anaconda" Nicki Minaj
90%
I thought "mouse" and this English word referred to the same animal Rat
90%
I thought this was the most populous city in China Beijing
80%
I thought this third-person pronoun was always plural They
70%
I thought the Sun would experience this (hint: a song by aespa) Supernova
60%
I thought this country did not border Turkey Azerbaijan
40%
I thought this Brawler in Brawl Stars had a Star Power named "Eagle-Eyed" Bo
40%
I thought the entirety of this country, which is larger than Saudi Arabia, was in Asia Kazakhstan
40%
I thought urine was mostly composed of this compound Urea
40%
I thought this was the most common English demonym for Albania, not the last name of an Australian prime minister Albanese
30%
I thought this studio album by Grimes was in Japanese Art Angels
10%
I thought the most well-known song titled "Counting Stars" was by this South Korean rapper BE'O
10%
I thought this song featuring Juice WRLD was in the same studio album as "Love the Way You Lie" Godzilla
10%
I thought this animal was not a mongoose Meerkat
10%
I thought this university was in a city that borders Daejeon Sejong University
10%
I thought this former event in Brawl Stars had "Seize" in its English name because it had "시즈" in its Korean name Siege
10%
I thought this English word, which can be translated into "tamis" in French, rhymed with "achieve" and "leave" Sieve
10%
I thought this English adverb was pronounced with the "th" sound in "think" Thus
10%
I thought this language with its own Wikipedia edition was native to Zimbabwe Tumbuka
10%
No matching quizzes found
Score Distribution
Percent of People with Each Score
Percentile by Number Answered
Your Score History
You have not taken this quiz